| 000 | 00580nam a2200193Ia 4500 | ||
|---|---|---|---|
| 005 | 20221202123437.0 | ||
| 008 | 131103s9999 xx 000 0 und d | ||
| 040 | _aLoreto College | ||
| 041 | _aEnglish | ||
| 082 |
_a811.09 _bSTE |
||
| 100 | _aStepanchev,Stephen | ||
| 245 |
_aAmerican poetry since 1945 _b a critical survey _cStephen Stepanchev |
||
| 260 |
_aNew York _bHarper & Row _cc 1965 |
||
| 300 | _a216 p. | ||
| 504 | _aIncludes bibliographical references and index | ||
| 650 | _aAmerican Poetry - History and Criticism,Since 1945 | ||
| 850 | _aLCLIB | ||
| 942 | _cBK | ||
| 999 |
_c11627 _d62106 |
||